UBT Library

The New Canadian political economy / (Record no. 39584)

000 -LEADER
fixed length control field 00745cam a2200253 a 4500
001 - CONTROL NUMBER
control field 1046073
005 - DATE AND TIME OF LATEST TRANSACTION
control field 20180103031752.0
008 - FIXED-LENGTH DATA ELEMENTS--GENERAL INFORMATION
fixed length control field 891025s1989 onc b 000 0 eng
010 ## - LIBRARY OF CONGRESS CONTROL NUMBER
LC control number 89199055
020 ## - INTERNATIONAL STANDARD BOOK NUMBER
International Standard Book Number 0773506721 (alk. paper)
020 ## - INTERNATIONAL STANDARD BOOK NUMBER
International Standard Book Number 0773506810 (pbk. : alk. paper)
040 ## - CATALOGING SOURCE
Original cataloging agency DLC
Transcribing agency DLC
Modifying agency DLC
041 ## - LANGUAGE CODE
Language code of text/sound track or separate title eng
043 ## - GEOGRAPHIC AREA CODE
Geographic area code n-cn---
080 ## - UNIVERSAL DECIMAL CLASSIFICATION NUMBER
Universal Decimal Classification number 338.971 CLE
082 00 - DEWEY DECIMAL CLASSIFICATION NUMBER
Classification number 338.971 CLE
Edition number 20
100 ## - Rafti
Rafti 19
101 ## - Shkurtesa
Shkurtesa POL
245 04 - TITLE STATEMENT
Title The New Canadian political economy /
504 ## - BIBLIOGRAPHY, ETC. NOTE
Bibliography, etc Includes bibliographical references.
906 ## - LOCAL DATA ELEMENT F, LDF (RLIN)
a 7
b cbc
c orignew
d 2
e ncip
f 19
g y-gencatlg
942 ## - ADDED ENTRY ELEMENTS (KOHA)
Source of classification or shelving scheme
Item type Books
Holdings
Withdrawn status Lost status Source of classification or shelving scheme Damaged status Not for loan Collection code Permanent location Current location Shelving location Date acquired Total Checkouts Full call number Barcode Date last seen Price effective from Koha item type
          Koleksioni i përgjithshem UBT - Lipjan UBT - Lipjan Koleksioni i përgjithshem 01/03/2018   338.971 CLE 002-2994296 01/03/2018 01/03/2018 Books
UBT Library © 2015-2024. All rights reserved University Education for Business and Technology